000 00273nam a22001337a 4500
008 180302b xxu||||| |||| 00| 0 eng d
020 _a9781285853888
041 _aeng
080 _a521
100 _a42
101 _aAST
245 _aUniverse
_cSeeds
942 _2udc
_cBK
999 _c43979
_d43979